| 000 | 00000nas 22000008a 4500 |
| 001 | 9.852607 |
| 003 | CaOODSP |
| 005 | 20221107154626 |
| 007 | cr ||||||||||| |
| 008 | 180228d20162018oncar p o f0 b0fre|d |
| 040 | |aCaOODSP|bfre |
| 043 | |an-cn--- |
| 086 | 1 |aF1-56F-PDF |
| 110 | 1 |aCanada. |bMinistère des finances. |
| 245 | 10|aMesures fiscales |h[ressource électronique] : |brenseignements supplémentaires. |
| 260 | |a[Ottawa] : |bMinistère des finances, |c2016-2018. |
| 310 | |aAnnuel |
| 362 | 1 |aParaît depuis le Budget de 2016; ne paraît plus après le Budget 2018. |
| 500 | |aPubl. aussi en anglais sous le titre : Tax measures : supplementary information. |
| 500 | |a« Déposé à la Chambre des communes par le ministre des Finances, l'honorable [...] ». |
| 520 | |a« Ce volume présente des renseignements détaillés sur chacune des mesures fiscales proposées dans le budget » - p. 5, Aperçu, 2016. |
| 580 | |aAbsorbé par : Le budget de ... |
| 692 | 07|2gccst|aRéglementation en matière de taxation |
| 692 | 07|2gccst|aFinances |
| 775 | 08|tTax measures |w(CaOODSP)9.852603 |
| 785 | 00|tLe budget de ... |w(CaOODSP)9.502290 |